Matemática 2º Medio: libro de ejercicios
Uloženo v:
| Hlavní autoři: | , , |
|---|---|
| Médium: | Kniha |
| Jazyk: | španělština |
| Vydáno: |
Santiago
Arrayán
2002
|
| Témata: | |
| Tagy: |
Přidat tag
Žádné tagy, Buďte první, kdo vytvoří štítek k tomuto záznamu!
|
MARC
| LEADER | 00000nam a2200000 a 4500 | ||
|---|---|---|---|
| 001 | UCL4740 | ||
| 003 | CL-VaPUC | ||
| 008 | 040227e20020000CL |||||||||||||||||spa|d | ||
| 020 | |a 9562403424 | ||
| 082 | 0 | 4 | |a 510.712 |b CAM |2 21 |
| 100 | 0 | |a Campusano Farías, Bernardo |e author |9 482394 | |
| 700 | 0 | |a Soto Ramos, Verónica |e author |9 482395 | |
| 700 | 0 | |a Ulloa Alberti, Marta |e author |9 482396 | |
| 245 | 1 | 0 | |a Matemática 2º Medio: libro de ejercicios |
| 300 | |a 74 p | ||
| 942 | |c BK | ||
| 945 | |d 20040227 00:00:00 |a cmena | ||
| 260 | |a Santiago |b Arrayán |c 2002 | ||
| 500 | |a Complementario con Texto del Estudiante | ||
| 650 | 0 | |a Matemáticas |x Enseñanza |9 875527 | |
| 650 | 0 | |a Libros de texto |9 270019 | |
| 583 | |a last modification |c 20170821 03:40:40 |k Rodrigo Vera | ||
| 999 | |c 307515 |d 307513 | ||